00581nam a2200157 a 450000100100000000500170001000800410002704000250006811000720009324500420016526000650020730000200027204900090029295201050030199900170040600003029020200930060214.0110509s1984 dr 000 0 spa d aDO-SdBNPbspacBNPHU2 aRepública DominicanabGobierno de Concentración Nacional93206410aPrimer plan nacional de turismo 1984. aSanto Domingo :bSecretaría de Estado de Turismo,c[1984]. a32 p. ;c28 cm. aBNPD 0010718PDaPDbPDcCTd2011-05-24iLF1l0o p30290-10r2020-06-25w2020-06-25yLFPDZNo se presta c29782d29782